| 000 | 00393nam a22001217a 4500 | ||
|---|---|---|---|
| 005 | 20260306042523.0 | ||
| 008 | 190704b ||||| |||| 00| 0 eng d | ||
| 020 | _a9780801486197 | ||
| 245 |
_aCallaloo or tossed salad: _beast Indians and cultural politics of identity in Trinidad |
||
| 260 |
_aLondon. _bCornell University press, _c 2001 |
||
| 300 |
_a ix.303 p. ; _c23 cm. |
||
| 942 |
_2ddc _cMAIN |
||
| 999 |
_c10431 _d10432 |
||